书目信息 |
| 题名: |
纸知识
|
|
| 作者: | 吉特尔曼 著 ;王昀 译 | |
| 分册: | ||
| 出版信息: | 上海 复旦大学出版社 2020.7 |
|
| 页数: | 194页 | |
| 开本: | 24cm | |
| 丛书名: | 媒介与文明译丛 | |
| 单 册: | ||
| 中图分类: | G254.92 | |
| 科图分类: | ||
| 主题词: | 文档--传播媒介--历史 | |
| 电子资源: | ||
| ISBN: | 978-7-309-15044-5 | |
| 000 | 01555nam2 2200337 45 | |
| 001 | 012001004172 | |
| 005 | 20141014144943.0 | |
| 010 | @a978-7-309-15044-5@dCNY50.00 | |
| 100 | @a20200911d2020 em y0chiy0110 ea | |
| 101 | 1 | @achi@ceng |
| 102 | @aCN@b310000 | |
| 105 | @ay az 001yy | |
| 106 | @ar | |
| 200 | 1 | @a纸知识@Azhi zhi shi@e关于文档的媒介历史@dPaper knowledge@etoward a media history of documents@f(美)丽莎·吉特尔曼著@g王昀译@zeng |
| 210 | @a上海@c复旦大学出版社@d2020.7 | |
| 215 | @a194页@d24cm | |
| 225 | 2 | @a媒介与文明译丛 |
| 300 | @a并列题名:Paper knowledge : toward a media history of documents | |
| 300 | @a其他题名:关于文档的媒介历史 | |
| 320 | @a有书目(第167-183页)和索引 | |
| 330 | @a本书围绕美国过去以来文档复制技术发展的一些特定时刻,在相当广阔的媒介历史视野中展开。通过以“文档”为线索,作者着眼于媒介与世俗现象之间的关系,消解了将印刷文化置于印刷出版物出版、管理、发行和流通历史的传统框架,并检视了文档复制将社会生活调动起来的制度化和日常化过程。通过引入、分析、比较不同时期的生动个案,作者描述了我们曾经以及现在仍然颇为熟悉的文档形式,还有透过那些相关文档工作发出声音的历史事件以及形形色色的平凡人物。 | |
| 410 | 0 | @12001 @a媒介与文明译丛 |
| 461 | 0 | @12001 @a媒介与文明译丛 |
| 510 | 1 | @aPaper knowledge : toward a media history of documents@zeng |
| 517 | 1 | @a关于文档的媒介历史 |
| 606 | 0 | @a文档@x传播媒介@x历史 |
| 690 | @aG254.92@v5 | |
| 701 | 1 | @c(美)@a吉特尔曼@Aji te er man@c(Gitelman, Lisa)@4著 |
| 702 | 0 | @a王昀@Awang yun@4译 |
| 801 | @aCN@bAHXH@c20210922 | |
| 905 | @b1329754-8@dG254.92@e157@f5 | |
| 纸知识:关于文档的媒介历史=Paper knowledge:toward a media history of documents/(美)丽莎·吉特尔曼著/王昀译.-上海:复旦大学出版社,2020.7 |
| 194页;24cm.-(媒介与文明译丛) |
| 并列题名:Paper knowledge : toward a media history of documents.-其他题名:关于文档的媒介历史 |
| ISBN 978-7-309-15044-5:CNY50.00 |
| 本书围绕美国过去以来文档复制技术发展的一些特定时刻,在相当广阔的媒介历史视野中展开。通过以“文档”为线索,作者着眼于媒介与世俗现象之间的关系,消解了将印刷文化置于印刷出版物出版、管理、发行和流通历史的传统框架,并检视了文档复制将社会生活调动起来的制度化和日常化过程。通过引入、分析、比较不同时期的生动个案,作者描述了我们曾经以及现在仍然颇为熟悉的文档形式,还有透过那些相关文档工作发出声音的历史事件以及形形色色的平凡人物。 |
| ● |
| 相关链接 |
|
|
|
|
正题名:纸知识
索取号:G254.92/157
 
预约/预借
| 序号 | 登录号 | 条形码 | 馆藏地/架位号 | 状态 | 备注 |
| 1 | 1329754 | 213297546 | 第一样本阅览室/ [索取号:G254.92/157] | 在馆 | |
| 2 | 1329755 | 213297555 | 教育系资料室/ [索取号:G254.92/157] | 在馆 | |
| 3 | 1329756 | 213297564 | 教育系资料室/ [索取号:G254.92/157] | 在馆 | |
| 4 | 1329757 | 213297573 | 第四借阅区/ [索取号:G254.92/157] | 在馆 | |
| 5 | 1329758 | 213297582 | 第四借阅区/ [索取号:G254.92/157] | 在馆 |